000 00354 a2200169 4500
001 186462
020 _a85-08-07201-5
040 _cMagnum
100 _aRocha, Ruth
240 1 0 _aNosso amigo ventinho
_lpor
245 1 0 _aNosso amigo ventinho
300 _a40
362 0 _a2004
440 1 _aÁtica
697 _aLITERATURA INFANTIL
942 _cBK
999 _c186462
_d186462